Statistics for American Politicians by Picture

Click here to take the quiz!

General Stats

  • This quiz has been taken 871 times
  • The average score is 13 of 15

Answer Stats

Answer% Correct
Barack Obama
100%
Donald Trump
99%
Hillary Clinton
98%
Ronald Reagan
98%
Joe Biden
97%
Franklin D. Roosevelt
95%
Bernie Sanders
93%
Arnold Schwarzenegger
92%
Thomas Jefferson
90%
Al Gore
86%
Kamala Harris
86%
John McCain
84%
Sarah Palin
83%
Rudy Giuliani
81%
Robert S. McNamara
29%

Score Distribution

Percentile by Number Answered

Percent of People with Each Score

Your Score History

You have not taken this quiz